00323nam a2200133Ia 4500008004100000020001500041041001200056082001600068100001600084245004900100260002500149300000800174650000700182221030s9999 xx 000 0 und d a0074601113 aEnglish a105.23bEsw aU. S. Eswar 0aHandbook of Electrical Motor Control Systems bTMHaNew Delhic1994 a146 aEE